<?xml version="1.0" encoding="UTF-8"?><?xml-stylesheet type="text/xsl" href="static/style.xsl"?><OAI-PMH xmlns="http://www.openarchives.org/OAI/2.0/" xmlns:xsi="http://www.w3.org/2001/XMLSchema-instance" xsi:schemaLocation="http://www.openarchives.org/OAI/2.0/ http://www.openarchives.org/OAI/2.0/OAI-PMH.xsd"><responseDate>2026-06-07T05:20:41Z</responseDate><request verb="GetRecord" identifier="oai:riuma.uma.es:10630/26414" metadataPrefix="marc">https://riuma.uma.es/rest/oai/request</request><GetRecord><record><header><identifier>oai:riuma.uma.es:10630/26414</identifier><datestamp>2026-02-03T10:59:39Z</datestamp><setSpec>com_10630_2254</setSpec><setSpec>col_10630_37953</setSpec></header><metadata><record xmlns="http://www.loc.gov/MARC21/slim" xmlns:dcterms="http://purl.org/dc/terms/" xmlns:doc="http://www.lyncode.com/xoai" xmlns:xsi="http://www.w3.org/2001/XMLSchema-instance" xsi:schemaLocation="http://www.loc.gov/MARC21/slim http://www.loc.gov/standards/marcxml/schema/MARC21slim.xsd">
   <leader>00925njm 22002777a 4500</leader>
   <datafield ind2=" " ind1=" " tag="042">
      <subfield code="a">dc</subfield>
   </datafield>
   <datafield ind2=" " ind1=" " tag="720">
      <subfield code="a">Pérez-Armenta, Carlos</subfield>
      <subfield code="e">author</subfield>
   </datafield>
   <datafield ind2=" " ind1=" " tag="720">
      <subfield code="a">Ortega-Moñux, Alejandro</subfield>
      <subfield code="e">author</subfield>
   </datafield>
   <datafield ind2=" " ind1=" " tag="720">
      <subfield code="a">Luque-González, José Manuel</subfield>
      <subfield code="e">author</subfield>
   </datafield>
   <datafield ind2=" " ind1=" " tag="720">
      <subfield code="a">Halir, Robert</subfield>
      <subfield code="e">author</subfield>
   </datafield>
   <datafield ind2=" " ind1=" " tag="720">
      <subfield code="a">Schmid, Jens</subfield>
      <subfield code="e">author</subfield>
   </datafield>
   <datafield ind2=" " ind1=" " tag="720">
      <subfield code="a">Cheben, Pavel</subfield>
      <subfield code="e">author</subfield>
   </datafield>
   <datafield ind2=" " ind1=" " tag="720">
      <subfield code="a">Molina-Fernández, Íñigo</subfield>
      <subfield code="e">author</subfield>
   </datafield>
   <datafield ind2=" " ind1=" " tag="720">
      <subfield code="a">Wanguemert-Pérez, Juan Gonzalo</subfield>
      <subfield code="e">author</subfield>
   </datafield>
   <datafield ind2=" " ind1=" " tag="260">
      <subfield code="c">2023</subfield>
   </datafield>
   <datafield ind2=" " ind1=" " tag="520">
      <subfield code="a">High-index contrast silicon waveguides exhibit strong birefringence that hinders the development of polarization-insensitive devices, especially for sub-micrometer silicon layer thickness. Here a polarizationindependent 2 × 2 multimode interference coupler in a 220 nm silicon-on-insulator platform is designed and experimentally demonstrated for the first time. Leveraging the advanced control of electromagnetic properties provided by a subwavelength grating metamaterial topology, our multimode interference coupler operates for both TE and TM polarization states with measured polarization dependent loss, insertion loss and imbalance all less than 1 dB, and phase errors below 5◦ in the wavelength range from 1500 nm to 1560 nm. The device has a footprint of only 3.5 μm × 47.25 μm and was fabricated using a single etch-step process with a minimum feature size of 100 nm compatible with immersion deep-UV lithography.</subfield>
   </datafield>
   <datafield ind1="8" ind2=" " tag="024">
      <subfield code="a">Carlos Pérez-Armenta, Alejandro Ortega-Moñux, José Manuel Luque-González, Robert Halir, Jens Schmid, Pavel Cheben, Iñigo Molina-Fernández, J. Gonzalo Wangüemert-Pérez, Polarization insensitive metamaterial engineered multimode interference coupler in a 220 nm silicon-on-insulator platform, Optics &amp; Laser Technology, Volume 164, 2023, 109493, ISSN 0030-3992, https://doi.org/10.1016/j.optlastec.2023.109493. (https://www.sciencedirect.com/science/article/pii/S0030399223003869)</subfield>
   </datafield>
   <datafield ind1="8" ind2=" " tag="024">
      <subfield code="a">https://hdl.handle.net/10630/26414</subfield>
   </datafield>
   <datafield ind1="8" ind2=" " tag="024">
      <subfield code="a">https://doi.org/10.1016/j.optlastec.2023.109493</subfield>
   </datafield>
   <datafield tag="653" ind2=" " ind1=" ">
      <subfield code="a">Telecomunicaciones-Equipos y material</subfield>
   </datafield>
   <datafield tag="653" ind2=" " ind1=" ">
      <subfield code="a">Sistemas de telecomunicaciones</subfield>
   </datafield>
   <datafield ind2="0" ind1="0" tag="245">
      <subfield code="a">Polarization insensitive metamaterial engineered multimode interference coupler in a 220 nm silicon-on-insulator platform</subfield>
   </datafield>
</record>
</metadata></record></GetRecord></OAI-PMH>